Quizzes
Events
Quiz Creation
Community
Videos
Private Events
Remove Ads
Sign In
Join for FREE
Feedback
Dark Mode
Quiz Categories
Sports
Geography
Music
Movies
Television
Just For Fun
Miscellaneous
History
Literature
Language
Science
Gaming
Entertainment
Religion
Holiday
For Kids
Quiz Lab
Recent
Popular Today
Quiz Kudos Today
Editor Picks
Curator Picks
Quizzes by...
Day
Popularity
Type
Ratings
Length
Year
Community
Subscriptions
Recent Discussions
Orange Saloon
Badges
Playlists
Quests
Create
Leaderboards
Showdown
Live 5
Trivia Bingo
Activity
Puzzle Library
Sporcle Events
Private Events
Virtual Trivia
Globe League
Become a Host
Pub Owners
SporcleCon
Opinionation
Our Games
Videos
Blog
Mobile Apps
Partnerships
Remove Ads and Go Orange
Feedback
Music
Pop Music
The Beatles
Song
Album
Lyrics
Bands
Singers
Artist
Clip
Rock
Rap
Classical
Billboard
Country Music
Kpop
Taylor Swift
Music
Pop Music
The Beatles
Song
Album
Lyrics
Bands
Singers
Artist
Clip
Rock
Rap
Classical
Billboard
Country Music
Kpop
Taylor Swift
Random Quiz
Search Sporcle
×
Quiz Lab
Quiz Lab
Music
someone
Type in answers that appear in a list
Type in answers that appear in a list
Classic
Best Score? Go Orange.
'Song For Someone' lyrics U2 Stats
Can you name the Lyrics to 'Song For Someone' By U2
By
jp41901
10m
271 Questions
174 Plays
174 Plays
174 Plays
Comments
Comments
Give Quiz Kudos
Give Quiz Kudos
-
- Ratings
hide this ad
Replay
Link that replays current quiz
Next Quiz
Link to next quiz in quiz playlist
You Got
0%
They Got
Avg Score
91%
Avg Friend Score
Upgrade to see
Score Distribution
Jump to the score distribution portion of the page
Score
0/271
Timer
10:00
0
Plays Today
Answer
% Correct
I
99.4%
I
99.4%
I
99.4%
I
99.4%
I
99.4%
I
99.4%
I
99.4%
I
99.4%
I
99.4%
You
98.9%
a
98.9%
you
98.9%
a
98.9%
a
98.9%
you
98.9%
a
98.9%
be
98.9%
a
98.9%
a
98.9%
a
98.9%
a
98.9%
you
98.9%
a
98.9%
a
98.9%
you
98.9%
You
98.9%
be
98.9%
a
98.9%
you
98.9%
a
98.9%
be
98.9%
a
98.9%
a
98.9%
a
98.9%
a
98.9%
a
98.9%
a
98.9%
be
98.9%
a
98.9%
you
98.9%
a
98.9%
a
98.9%
be
98.9%
a
98.9%
a
98.9%
some
98.3%
the
98.3%
is
98.3%
is
98.3%
is
98.3%
is
98.3%
is
98.3%
is
98.3%
is
98.3%
the
98.3%
the
98.3%
is
98.3%
is
98.3%
is
98.3%
is
98.3%
is
98.3%
is
98.3%
is
98.3%
is
98.3%
is
98.3%
is
98.3%
go
97.7%
go
97.7%
go
97.7%
can
97.1%
where
96.6%
that
96.6%
me
96.6%
that
96.6%
that
96.6%
for
96.6%
for
96.6%
me
96.6%
to
96.6%
to
96.6%
to
96.6%
for
96.6%
for
96.6%
where
96.6%
where
96.6%
to
96.6%
not
96%
not
96%
light
96%
light
96%
song
96%
Answer
% Correct
song
96%
someone
96%
song
96%
song
96%
someone
96%
light
96%
light
96%
song
96%
song
96%
someone
96%
song
96%
song
96%
someone
96%
light
96%
light
96%
there
95.4%
and
95.4%
there
95.4%
there
95.4%
and
95.4%
there
95.4%
And
95.4%
this
95.4%
this
95.4%
and
95.4%
there
95.4%
this
95.4%
there
95.4%
and
95.4%
there
95.4%
there
95.4%
and
95.4%
and
95.4%
there
95.4%
and
95.4%
this
95.4%
this
95.4%
and
95.4%
and
95.4%
and
95.4%
there
95.4%
and
95.4%
there
95.4%
there
95.4%
and
95.4%
there
95.4%
have
94.8%
from
94.8%
from
94.8%
from
94.8%
from
94.8%
I've
94.3%
been
94.3%
see
94.3%
see
94.3%
see
94.3%
see
94.3%
got
93.7%
face
93.7%
by
93.7%
beauty
93.7%
got
93.7%
in
93.7%
we
93.7%
we
93.7%
it
93.7%
in
93.7%
we
93.7%
in
93.7%
we
93.7%
it
93.7%
your
93.7%
we
93.7%
your
93.7%
it
93.7%
don't
93.1%
don't
93.1%
let
93.1%
out
93.1%
let
93.1%
don't
93.1%
let
93.1%
out
93.1%
don't
93.1%
let
93.1%
out
93.1%
scars
92.5%
right
92.5%
can't
92.5%
can't
92.5%
could
92.5%
Answer
% Correct
could
92.5%
can't
92.5%
can't
92.5%
can't
92.5%
can't
92.5%
spoiled
92%
feel
92%
time
92%
feel
92%
time
92%
nothing
91.4%
If
91.4%
if
91.4%
nothing
91.4%
If
91.4%
if
91.4%
If
91.4%
if
91.4%
through
90.8%
was
90.8%
would
90.8%
first
90.8%
was
90.8%
first
90.8%
was
90.8%
You've
90.2%
eyes
90.2%
always
90.2%
always
90.2%
always
90.2%
always
90.2%
always
90.2%
always
90.2%
but
89.7%
but
89.7%
of
89.1%
of
89.1%
told
88.5%
told
88.5%
i'm
86.8%
i'm
86.8%
know
86.2%
world
86.2%
world
86.2%
world
86.2%
anything
85.6%
conversation
85.6%
conversation
85.6%
only
83.9%
You're
83.3%
afraid
83.3%
seen
83.3%
how
82.8%
my
82.2%
they've
81.6%
I'd
81%
make
80.5%
found
78.7%
take
78.7%
imagination
78.2%
yours
78.2%
were
78.2%
night
78.2%
long
77.6%
long
77.6%
way
77.6%
long
77.6%
way
77.6%
heal
75.9%
heal
75.9%
mouth
75.9%
kiss
75.3%
doubt
74.7%
need
74.1%
stole
74.1%
these
72.4%
dark
72.4%
dark
72.4%
shouldn't
71.8%
cuts
69.5%
whatever's
69.5%
without
69.5%
within
69%
break
66.1%
slow
64.4%
calvary
57.5%
hill
54.6%
enter
51.7%
rhyme
47.1%
Quiz Playlist
Details
Report
Send in Message
Add To Playlist
Classic:
Type in answers that appear in a list
Last Updated: Oct 11, 2020
Quiz Scoreboard
CHALLENGE
Sign Up to Join the Scoreboard
Show All
Scores
Hide
Comments
May contain spoilers
Recently Published
Billboard Blitz: Fleetwood Mac
by CooCooCachoo
Music
15s
Presidents Visiting Landmarks
by Hejman
History
7m
An Introduction to Baseball
by treessimontrees
Sports
5m
More to Explore
Quiz From the Vault
Featured Blog Post
Where Did the Easter Bunny Come From?
hide this ad
You Might Also Like...
Tags
someone
Today's Top Quizzes in Music
Browse Music
hide this ad
Today's Top Quizzes in someone
Browse someone
Top Contributed Quizzes in Music
1
Taylor Swift All Songs (2024)
2
Guess the Artist- 70s Songs
3
7-to-1: Billboard Hot 100 #1 Hits of 2010s
4
Sorting Albums and Songs
5
Taylor Swift Logic Puzzle
6
KPOP LOGIC QUIZ
7
2010s Album by Cover III
8
One Thing in Common: Music
9
Guess the Taylor Swift song (Mystery Song)
10
Guess The Taylor Swift Lyrics Song #1
Explore More
Trending Topics
Kpop
NBA
Harry Potter
Marvel
Anime
Crossword
Disney
NFL
Pokémon
The Office
WWE
Puzzle
Soccer
Country
Song
hide this ad
More By:
jp41901
Quiz
Plays
Rating
Category
Featured
Created
'Thought You Should Know' Lyrics By: Morgan Wallen
1,417
5.00
Music
May 13, 2022
'Why Can't This Be Love' Lyrics By: Van Halen
1,353
5.00
Music
Oct 1, 2015
'Don't Think Jesus' Lyrics By: Morgan Wallen
730
3.67
Music
Apr 26, 2022
'Home Sweet Home' Lyrics - Mötley Crüe
559
4.25
Music
Sep 6, 2019
'Stuck in a Moment You Can't Get Out of' Lyrics By: U2
431
4.88
Music
Dec 7, 2015
Go to Creator's Profile
Score Distribution
Quiz Creator Spotlight
jp41901
Follow
Send a Message
Quizzes Created
-
Created Quiz Play Count
-
More By This Creator
Popular Quizzes Today
1
Find the US States - No Outlines Minefield
2
Find the Countries of Europe - No Outlines Minefield
3
The Countries of the World
4
Find the US States
5
Risky Map Clicking: Biggest States A-Z
6
US States
7
Popular People in 1961
8
Movies - When Are They Set?
More Music Quizzes
Guess the NCT Songs
Quiz Lab
Trending Quizzes
Risky Map Clicking: Least Populous States A-Z
1-10 Letter G Words
1-10 Letter F Words
Risky Map Clicking: Next State Alphabetically
Risky Map Clicking: Biggest States A-Z
Recently Updated
Leaping Animals
pecheneg
Reality TV Shows (A-Z)
bhenderson79
Rickey Henderson's Hall of Fame Teammates
pecheneg
Champions League XIs: Arsenal
pecheneg
Quick Pick: Celebrities in WWE's Hall of Fame
aduchscher
A-Z Keypad Blitz II
pecheneg
Multiple Oscar Actors
pecheneg
Mystery Phrase Blitz: Oscar 'Best Actors'
pecheneg
F. Scott Fitzgerald Novels
LTH
Pick 3 Villains
ddd62291
Trending Topics
Kpop
Disney
Anime
Crossword
NBA
Marvel
Harry Potter
Song
Pokémon
Soccer
NFL
The Office
Country
WWE
Puzzle
Your Account Isn't Verified!
In order to create a playlist on Sporcle, you need to verify the email address you used during registration. Go to your
Sporcle Settings
to finish the process.
Report this User
Report this user for behavior that violates our
Community Guidelines
.
Details:
Send Report
Go to the Sporcle.com Mobile Site →
Comments